| 000 | 01290nam a2200301 4500 | ||
|---|---|---|---|
| 003 | EC-UNACH | ||
| 005 | 20251017140450.0 | ||
| 006 | s||||gr|||| 00| 00 | ||
| 008 | 150116t9999 mx r gr 000 0 spa d | ||
| 020 | _a978-84-96998-01-8 | ||
| 040 |
_aEC-UNACH _cEC-UNACH |
||
| 041 | _aspa | ||
| 082 | 0 | 4 |
_223 _a658 _bL011530 |
| 110 | _aProfit | ||
| 245 | _aEl jardinero en la empresa | ||
| 250 | _aPrimera edición | ||
| 264 |
_aEspaña _bProfit _c2009 |
||
| 300 | _a166 | ||
| 505 | _aCapitulo 1- Punto de inflexión Capitulo 2- Un regalo desde Italia Capitulo 3- Llegada a Montepulciano Capitulo 4- Sobre el arte de la jardinería Capitulo 5- Sobre el directivo Capitulo 6- Sobre la empatía Capitulo 7- Sobre la escucha Capitulo 8- Sobre la importancia de experimentar Capitulo 9- Sobre la motivación Capitulo 10- Sobre los planes de acción Capitulo 11- Sobre las habilidades del coach Capitulo 12- Sobres el reconocimiento Capitulo 13- Sobre la autogestión Capitulo 14- Sobre la contribución | ||
| 650 | _aMejorar habilidades | ||
| 650 | _aJardineria en el siglo XXI | ||
| 650 | _aSobre la motivación | ||
| 700 | _aCesar Piqueras | ||
| 942 |
_2ddc _c1 |
||
| 999 | _c14032 | ||